[Event "Championnats de la Loire Pupilles 2012"]
[Site "Roanne"]
[Date "2012.10.27"]
[Round "1.1"]
[White "Gauffre, Theo"]
[Black "Valette, Nicolas"]
[Result "0-1"]
[WhiteElo "1099"]
[BlackElo "1360"]
[PlyCount "26"]

1. Nf3 d5 2. d4 Nc6 3. Nc3 Bg4 4. Bg5 Bxf3 5. gxf3 h6 6. Bf4 Nf6 7. Bh3 e6 8.
Nb5 Bd6 9. Bxd6 cxd6 10. Qd3 O-O 11. O-O-O Qa5 12. Nxd6 Nb4 13. Qe3 Qxa2 0-1

[Event "Championnats de la Loire Pupilles 2012"]
[Site "Roanne"]
[Date "2012.10.27"]
[Round "1.2"]
[White "Thizy, Nicolas"]
[Black "Leonarsky, Malik"]
[Result "1-0"]
[WhiteElo "1330"]
[BlackElo "1099"]
[PlyCount "55"]

1. e4 e5 2. Nf3 Nc6 3. Bc4 Bc5 4. d3 d6 5. Ng5 f6 6. Nf7 Bd7 7. Nxd8 Kxd8 8.
Bxg8 Rxg8 9. O-O Nb4 10. Bd2 Bd4 11. c3 Nxd3 12. cxd4 Nxb2 13. Qc2 Rf8 14. Qxb2
f5 15. dxe5 fxe4 16. exd6 cxd6 17. Qxg7 Re8 18. Rc1 Rc8 19. Bg5+ Re7 20. Qh8+
Be8 21. Rxc8+ Kd7 22. Bxe7 Kxe7 23. Rxe8+ Kd7 24. Qf8 Kc6 25. Nd2 Kb6 26. Qxd6+
Ka5 27. Rb1 Ka4 28. Qb4# 1-0

[Event "Championnats de la Loire Pupilles 2012"]
[Site "Roanne"]
[Date "2012.10.27"]
[Round "1.3"]
[White "Pages, Antoine"]
[Black "Drevet, Florian"]
[Result "0-1"]
[WhiteElo "1099"]
[BlackElo "1260"]
[PlyCount "30"]

1. e4 e5 2. Nf3 Nc6 3. Nc3 Nge7 4. Bc4 d6 5. O-O Bg4 6. d3 Nd4 7. Re1 Nxf3+ 8.
gxf3 Bh3 9. Bg5 h6 10. Bxe7 Bxe7 11. Nd5 O-O 12. Nxe7+ Qxe7 13. Bd5 Qf6 14.
Bxb7 Qg6+ 15. Kh1 Qg2# 0-1

[Event "Championnats de la Loire Pupilles 2012"]
[Site "Roanne"]
[Date "2012.10.27"]
[Round "1.4"]
[White "Berounsky, Flavien"]
[Black "Perrin, Theo"]
[Result "0-1"]
[WhiteElo "1099"]
[BlackElo "1099"]
[PlyCount "34"]

1. e4 e5 2. Nf3 Nf6 3. Nxe5 d6 4. c4 dxe5 5. Nc3 Bb4 6. Qa4+ Bd7 7. Qxb4 Nc6 8.
Qb3 Na5 9. Qa4 b6 10. d3 Bxa4 11. Nxa4 c6 12. Bg5 b5 13. Nc5 bxc4 14. O-O-O
cxd3 15. Rxd3 Qc7 16. Rd7 Qb6 17. Rd4 Qxc5+ 0-1

[Event "Championnats de la Loire Pupilles 2012"]
[Site "Roanne"]
[Date "2012.10.27"]
[Round "1.5"]
[White "Coulomb, Lisa"]
[Black "Dessert, Emilien"]
[Result "1-0"]
[WhiteElo "1030"]
[BlackElo "1099"]
[PlyCount "37"]

1. e4 e5 2. Nf3 Nf6 3. Nxe5 Bd6 4. Nc4 Nxe4 5. Nxd6+ Nxd6 6. d4 Nb5 7. d5 d6 8.
Bxb5+ Bd7 9. Bxd7+ Qxd7 10. Nc3 Na6 11. O-O c6 12. dxc6 bxc6 13. Ne4 Qe7 14.
Nxd6+ Kf8 15. h3 Rd8 16. Bf4 Rxd6 17. Bxd6 Qxd6 18. Qxd6+ Kg8 19. Qd8# 1-0

[Event "Championnats de la Loire Pupilles 2012"]
[Site "Roanne"]
[Date "2012.10.27"]
[Round "2.1"]
[White "Valette, Nicolas"]
[Black "Coulomb, Lisa"]
[Result "1-0"]
[WhiteElo "1360"]
[BlackElo "1030"]
[PlyCount "115"]
[EventDate "2012.??.??"]

1. e4 e5 2. Nf3 d6 3. Nc3 Nf6 4. d4 Nc6 5. dxe5 dxe5 6. Qxd8+ Nxd8 7. Nxe5 Bd6
8. Nf3 O-O 9. e5 Be7 10. exf6 Bxf6 11. Bf4 h6 12. Bxc7 Ne6 13. Bd6 Rd8 14.
O-O-O b6 15. g4 Bb7 16. Bg2 Bg5+ 17. Kb1 Rac8 18. Rhg1 Bf6 19. Rd3 Nc5 20. Rd2
Ne6 21. Nh4 Nc5 22. Bxb7 Nxb7 23. Rgd1 Bxc3 24. bxc3 Rc6 25. Be7 Re8 26. Rd7
Re6 27. Rxb7 R6xe7 28. Rxe7 Rxe7 29. Rd8+ Kh7 30. f4 Re1+ 31. Kb2 Rh1 32. Nf3
Rf1 33. Nh4 a5 34. Rd7 Kg8 35. Rb7 Rh1 36. Rxb6 Rxh2 37. c4 a4 38. c5 a3+ 39.
Kb3 Re2 40. c6 Re6 41. Rb8+ Kh7 42. c7 Re3+ 43. Kb4 Re4+ 44. Kc5 Re2 45. c8=Q
Rxc2+ 46. Kb4 Rxc8 47. Rxc8 f6 48. f5 g5 49. fxg6+ Kg7 50. Rc7+ Kg8 51. Kc5 h5
52. Kd6 Kf8 53. g7+ Kg8 54. Ke6 Kh7 55. g8=Q+ Kxg8 56. Kxf6 Kh8 57. Kg6 Kg8 58.
Rc8# 1-0

[Event "Championnats de la Loire Pupilles 2012"]
[Site "Roanne"]
[Date "2012.10.27"]
[Round "2.2"]
[White "Drevet, Florian"]
[Black "Thizy, Nicolas"]
[Result "0-1"]
[WhiteElo "1260"]
[BlackElo "1330"]
[PlyCount "40"]
[EventDate "2012.??.??"]

1. d4 d5 2. Bf4 e6 3. Nf3 Bd6 4. e3 Bxf4 5. exf4 Nf6 6. Nbd2 Nc6 7. Bb5 Bd7 8.
O-O a6 9. Bxc6 Bxc6 10. Ne5 Qd6 11. c3 Ne4 12. Nxe4 dxe4 13. Qd2 f6 14. Nxc6
Qxc6 15. Rfe1 O-O-O 16. b4 Rhg8 17. Qc1 g5 18. fxg5 Rxg5 19. c4 e3 20. a4 Qxg2#
0-1

[Event "Championnats de la Loire Pupilles 2012"]
[Site "Roanne"]
[Date "2012.10.27"]
[Round "2.3"]
[White "Perrin, Theo"]
[Black "Gauffre, Theo"]
[Result "1-0"]
[WhiteElo "1099"]
[BlackElo "1099"]
[PlyCount "30"]
[EventDate "2012.??.??"]

1. e4 Nc6 2. Nf3 Nf6 3. Bb5 Nb4 4. c3 Nd3+ 5. Bxd3 e5 6. b4 d6 7. Bc4 Nxe4 8.
Bb5+ Bd7 9. Bd3 Be7 10. Bxe4 O-O 11. Bxb7 Rb8 12. Ba6 Rb6 13. b5 e4 14. Nh4
Bxh4 15. Qh5 Bf6 1-0

[Event "Championnats de la Loire Pupilles 2012"]
[Site "Roanne"]
[Date "2012.10.27"]
[Round "2.4"]
[White "Leonarsky, Malik"]
[Black "Berounsky, Flavien"]
[Result "1-0"]
[WhiteElo "1099"]
[BlackElo "1099"]
[PlyCount "25"]
[EventDate "2012.??.??"]

1. e4 e5 2. Nf3 Nc6 3. d3 Nf6 4. Nc3 d6 5. Qd2 Bg4 6. h3 Be6 7. Nb5 Qd7 8. Qe3
a6 9. Nc3 O-O-O 10. Be2 d5 11. O-O dxe4 12. dxe4 Qe7 13. Bd2 1-0

[Event "Championnats de la Loire Pupilles 2012"]
[Site "Roanne"]
[Date "2012.10.27"]
[Round "2.5"]
[White "Dessert, Emilien"]
[Black "Pages, Antoine"]
[Result "0-1"]
[WhiteElo "1099"]
[BlackElo "1099"]
[PlyCount "53"]
[EventDate "2012.??.??"]

1. e4 e5 2. Qg4 Nf6 3. Qf3 Nc6 4. Nc3 Nd4 5. Qd3 d6 6. Nf3 Nxf3+ 7. gxf3 c6 8.
Qe3 d5 9. exd5 cxd5 10. Qd4 exd4 11. f4 Ne4 12. Bd3 Qh4 13. Rf1 Bh3 14. Nxd5
Bxf1 15. Bxf1 O-O-O 16. Bg2 Qxh2 17. Bxe4 Re8 18. d3 Qh1+ 19. Kd2 Bd6 20. c3
dxc3+ 21. bxc3 Qh4 22. a3 Qxf2+ 23. Kd1 f6 24. Rb1 Qa2 25. d4 Qxb1 26. Bxb1 Rd8
27. Bf5+ 0-1

[Event "Championnats de la Loire Pupilles 2012"]
[Site "Roanne"]
[Date "2012.10.28"]
[Round "3.1"]
[White "Thizy, Nicolas"]
[Black "Perrin, Theo"]
[Result "1-0"]
[WhiteElo "1330"]
[BlackElo "1099"]
[PlyCount "51"]
[EventDate "2012.??.??"]

1. e4 e5 2. Nf3 Nf6 3. Bc4 Nc6 4. Ng5 Bc5 5. Nxf7 O-O 6. Nxd8+ d5 7. Bxd5+ Kh8
8. Nxc6 bxc6 9. Bxc6 Rb8 10. Nc3 Bb7 11. Bxb7 Rxb7 12. d3 Bb4 13. Bd2 c5 14. a3
Ba5 15. Nd5 Bd8 16. b4 Nxd5 17. exd5 cxb4 18. Bxb4 Be7 19. d6 Bd8 20. Qh5 g6
21. Qxe5+ Bf6 22. Qe6 Bxa1 23. d7 Bf6 24. Bxf8 Bh4 25. Qe5+ Kg8 26. Qg7# 1-0

[Event "Championnats de la Loire Pupilles 2012"]
[Site "Roanne"]
[Date "2012.10.28"]
[Round "3.2"]
[White "Pages, Antoine"]
[Black "Valette, Nicolas"]
[Result "0-1"]
[WhiteElo "1099"]
[BlackElo "1360"]
[PlyCount "54"]
[EventDate "2012.??.??"]

1. e4 e5 2. Nf3 Nc6 3. Nc3 Bc5 4. Bc4 Nb4 5. Nd4 Bxd4 6. Nd5 c6 7. Nxb4 Qf6 8.
O-O d6 9. d3 Qg6 10. Qf3 c5 11. Nd5 Rb8 12. Bb5+ Kf8 13. c3 Bg4 14. Qg3 Bxf2+
15. Rxf2 a6 16. Bc4 b5 17. Bb3 Be6 18. Qxg6 hxg6 19. Be3 Bxd5 20. Bxd5 Nf6 21.
Bb3 Ng4 22. Rf3 Rxh2 23. Bf2 Ke7 24. Bg3 Rh5 25. Raf1 Rbh8 26. Rxf7+ Ke8 27.
Rxg7 Rh1# 0-1

[Event "Championnats de la Loire Pupilles 2012"]
[Site "Roanne"]
[Date "2012.10.28"]
[Round "3.3"]
[White "Coulomb, Lisa"]
[Black "Drevet, Florian"]
[Result "1-0"]
[WhiteElo "1030"]
[BlackElo "1260"]
[PlyCount "53"]
[EventDate "2012.??.??"]

1. e4 e5 2. Nf3 Nc6 3. Bc4 Bc5 4. O-O Nge7 5. h3 O-O 6. d3 d6 7. c3 Be6 8. d4
exd4 9. cxd4 Bxd4 10. Nxd4 Nxd4 11. Qxd4 Bxc4 12. Qxc4 d5 13. Qe2 dxe4 14. Qxe4
Nc6 15. h4 Re8 16. Qa4 Nd4 17. Bg5 Qd5 18. Nc3 Qe5 19. Bd2 b5 20. Qb4 a5 21.
Qa3 b4 22. Qa4 Ne2+ 23. Kh1 Nxc3 24. Bxc3 bxc3 25. Rae1 Qf5 26. Rxe8+ Rxe8 27.
Qxe8# 1-0

[Event "Championnats de la Loire Pupilles 2012"]
[Site "Roanne"]
[Date "2012.10.28"]
[Round "3.4"]
[White "Gauffre, Theo"]
[Black "Leonarsky, Malik"]
[Result "0-1"]
[WhiteElo "1099"]
[BlackElo "1099"]
[PlyCount "55"]
[EventDate "2012.??.??"]

1. Nf3 d5 2. Nc3 c6 3. d4 Nf6 4. Bg5 h6 5. Bh4 Bf5 6. Ne5 Qd6 7. Nf3 Na6 8. e3
Nb4 9. a3 Na6 10. Be2 Nb8 11. O-O e6 12. Qb1 Na6 13. Qa2 Bxc2 14. Rac1 Bf5 15.
Qb3 O-O-O 16. Rfd1 Rg8 17. Kf1 g5 18. Bg3 Be7 19. Bxd6 Bxd6 20. Ne5 h5 21. Nxf7
Be7 22. Nxg5 Rxg5 23. f3 b6 24. e4 c5 25. exf5 exf5 26. dxc5 Nxc5 27. Qa2 Bd6
28. Ba6+ 0-1

[Event "Championnats de la Loire Pupilles 2012"]
[Site "Roanne"]
[Date "2012.10.28"]
[Round "3.5"]
[White "Berounsky, Flavien"]
[Black "Dessert, Emilien"]
[Result "0-1"]
[WhiteElo "1099"]
[BlackElo "1099"]
[PlyCount "24"]
[EventDate "2012.??.??"]

1. e4 e5 2. Nf3 Nf6 3. Nxe5 Bd6 4. Nxf7 Kxf7 5. Bc4+ Ke8 6. O-O Nxe4 7. d3 Nc5
8. Bg5 Qxg5 9. Re1+ Kf8 10. b3 b6 11. Qf3+ Bf4 12. g3 Nba6 0-1

[Event "Championnats de la Loire Pupilles 2012"]
[Site "Roanne"]
[Date "2012.10.28"]
[Round "4.1"]
[White "Valette, Nicolas"]
[Black "Thizy, Nicolas"]
[Result "1/2-1/2"]
[WhiteElo "1360"]
[BlackElo "1330"]
[PlyCount "81"]
[EventDate "2012.??.??"]

1. e4 e5 2. Nf3 Nc6 3. Nc3 Bb4 4. d4 d6 5. Bb5 Bd7 6. d5 Nd4 7. Bxd7+ Qxd7 8.
Nxd4 exd4 9. Qxd4 Bxc3+ 10. Qxc3 Nf6 11. e5 Nxd5 12. Qd4 dxe5 13. Qxe5+ Qe6 14.
Qxe6+ fxe6 15. c4 Nb6 16. b3 O-O-O 17. Bb2 Rhg8 18. Rd1 Rde8 19. f4 h6 20. Rf1
Nd7 21. Be5 g5 22. g3 h5 23. h4 gxf4 24. gxf4 Nxe5 25. fxe5 Rg4 26. Rh1 Re4+
27. Kf2 Rf8+ 28. Kg3 Rg4+ 29. Kh3 Rf3+ 30. Kh2 Rfg3 31. Rdf1 b6 32. Rhg1 Rxg1
33. Rxg1 Rxg1 34. Kxg1 Kd7 35. Kf2 Ke7 36. Kf3 Kf7 37. Kf4 Kg6 38. a4 c5 39.
Ke4 a6 40. Kf4 a5 41. Ke4 1/2-1/2

[Event "Championnats de la Loire Pupilles 2012"]
[Site "Roanne"]
[Date "2012.10.28"]
[Round "4.2"]
[White "Leonarsky, Malik"]
[Black "Coulomb, Lisa"]
[Result "0-1"]
[WhiteElo "1099"]
[BlackElo "1030"]
[PlyCount "62"]
[EventDate "2012.??.??"]

1. e4 e5 2. Nf3 Nf6 3. Nc3 Nc6 4. Bc4 Bc5 5. O-O O-O 6. h3 h6 7. Qe2 d6 8. d3
Re8 9. Be3 Qd7 10. b4 b6 11. a3 Nd4 12. Nxd4 exd4 13. Bxd4 Bxd4 14. Na4 Bxa1
15. c3 Bxc3 16. Nxc3 Bb7 17. e5 Rxe5 18. Qf3 Bxf3 19. gxf3 Rg5+ 20. Kh2 Qe7 21.
Bb5 a6 22. Bc6 Qe5+ 23. Kh1 Ra7 24. f4 Qxf4 25. b5 Qd2 26. h4 Rg4 27. Ne4 Qe2
28. f3 Qxf1+ 29. Kh2 Rg2+ 30. Kh3 Qxf3+ 31. Ng3 Qxg3# 0-1

[Event "Championnats de la Loire Pupilles 2012"]
[Site "Roanne"]
[Date "2012.10.28"]
[Round "4.3"]
[White "Perrin, Theo"]
[Black "Pages, Antoine"]
[Result "0-1"]
[WhiteElo "1099"]
[BlackElo "1099"]
[PlyCount "68"]
[EventDate "2012.??.??"]

1. e4 e5 2. Nf3 Nc6 3. Bb5 Nf6 4. Bxc6 bxc6 5. Nxe5 Nxe4 6. d3 Bd6 7. Nc4 Ng5
8. O-O Ne6 9. Be3 O-O 10. d4 Ba6 11. b3 Re8 12. d5 cxd5 13. Nxd6 Bxf1 14. Nxe8
Qxe8 15. Qxf1 Rb8 16. Nd2 d6 17. Bxa7 Rb7 18. Be3 Qb5 19. c4 Qb4 20. Rd1 dxc4
21. Rc1 cxb3 22. Rb1 Qa3 23. Nxb3 Qxa2 24. Ra1 Qxb3 25. Rb1 Qxb1 26. Bc1 Rb3
27. h4 Rc3 28. h5 Rxc1 29. Qxc1 Qxc1+ 30. Kh2 Qc3 31. f3 g6 32. hxg6 hxg6 33.
Kg3 Kg7 34. Kf2 Kf6 0-1

[Event "Championnats de la Loire Pupilles 2012"]
[Site "Roanne"]
[Date "2012.10.28"]
[Round "4.4"]
[White "Drevet, Florian"]
[Black "Dessert, Emilien"]
[Result "1-0"]
[WhiteElo "1260"]
[BlackElo "1099"]
[PlyCount "73"]
[EventDate "2012.??.??"]

1. d4 e5 2. Nf3 Nf6 3. Bf4 exf4 4. Nbd2 Bb4 5. c3 Ba5 6. b4 Bb6 7. a4 Nc6 8. a5
Nxa5 9. bxa5 Bxa5 10. Rxa5 b6 11. Re5+ Kf8 12. e4 g6 13. Bc4 d6 14. Rb5 c6 15.
Rb4 d5 16. exd5 cxd5 17. Bb5 Ne4 18. Nxe4 dxe4 19. Ne5 a6 20. Bc4 b5 21. Nxf7
Qc7 22. Nxh8 bxc4 23. O-O Qg7 24. Nxg6+ hxg6 25. Qc1 a5 26. Qxf4+ Kg8 27. Rxc4
Ba6 28. Rc5 Rc8 29. Rxc8+ Bxc8 30. Qb8 Qf8 31. Qb3+ Kg7 32. Re1 Qe8 33. Qc2 Qe6
34. Rxe4 Qc6 35. Re7+ Kf6 36. Qe2 Ba6 37. Qe5# 1-0

[Event "Championnats de la Loire Pupilles 2012"]
[Site "Roanne"]
[Date "2012.10.28"]
[Round "5.1"]
[White "Thizy, Nicolas"]
[Black "Coulomb, Lisa"]
[Result "1-0"]
[WhiteElo "1330"]
[BlackElo "1030"]
[PlyCount "109"]
[EventDate "2012.??.??"]

1. e4 e5 2. Nf3 Nc6 3. Bb5 a6 4. Ba4 b5 5. Bb3 Na5 6. d3 Nc6 7. Nc3 Nf6 8. Bd5
Bb4 9. Bd2 O-O 10. a3 Bc5 11. Bg5 h6 12. Bxc6 dxc6 13. Bh4 Bg4 14. h3 Bh5 15.
g4 Nxg4 16. hxg4 Bxg4 17. Ne2 Bxf3 18. Rh3 Bxe2 19. Qxe2 Be7 20. Bxe7 Qxe7 21.
O-O-O Qe6 22. Rg3 Rfe8 23. Rdg1 a5 24. f3 g6 25. Qe3 b4 26. Qxh6 Qf6 27. Rh3
Qf4+ 28. Qxf4 exf4 29. Rgh1 Kg7 30. Rh7+ Kf8 31. R7h4 bxa3 32. bxa3 Rab8 33.
Rxf4 Rb6 34. Rh7 Ke7 35. Rfxf7+ Ke6 36. Rxc7 Rf8 37. Rh3 Kd6 38. Rg7 Rf6 39.
Rg3 c5 40. R7xg6 Re6 41. Rxe6+ Kxe6 42. Rg6+ Kd7 43. Rxb6 Kc7 44. Rh6 Kb7 45.
Rh5 Kb6 46. Rd5 Kc6 47. f4 a4 48. f5 Kb5 49. f6 Kc6 50. f7 c4 51. dxc4 Kb6 52.
f8=Q Kc6 53. Qf6+ Kb7 54. Rd7+ Kc8 55. Qd8# 1-0

[Event "Championnats de la Loire Pupilles 2012"]
[Site "Roanne"]
[Date "2012.10.28"]
[Round "5.2"]
[White "Drevet, Florian"]
[Black "Valette, Nicolas"]
[Result "0-1"]
[WhiteElo "1260"]
[BlackElo "1360"]
[PlyCount "62"]
[EventDate "2012.??.??"]

1. d4 d5 2. Bf4 e6 3. Nf3 Nf6 4. Nbd2 Bb4 5. c3 Bd6 6. e3 Nc6 7. Bd3 Qe7 8. O-O
e5 9. Bg3 e4 10. Bb5 exf3 11. Nxf3 Bd7 12. Bxd6 Qxd6 13. c4 a6 14. Bxc6 Bxc6
15. Qb3 dxc4 16. Qxc4 Bxf3 17. gxf3 g5 18. Rac1 c6 19. e4 g4 20. e5 Qd8 21.
exf6 Qxf6 22. Rfe1+ Kf8 23. Qc5+ Kg7 24. fxg4 Rhg8 25. g5 Qf4 26. Re7 Kh8 27.
g6 Rxg6+ 28. Kf1 Rf6 29. Ke1 Qxf2+ 30. Kd1 Qf1+ 31. Re1 Qd3# 0-1

[Event "Championnats de la Loire Pupilles 2012"]
[Site "Roanne"]
[Date "2012.10.28"]
[Round "5.3"]
[White "Perrin, Theo"]
[Black "Leonarsky, Malik"]
[Result "1-0"]
[WhiteElo "1099"]
[BlackElo "1099"]
[PlyCount "83"]
[EventDate "2012.??.??"]

1. e4 e5 2. Nf3 Nc6 3. Bb5 a6 4. Bxc6 bxc6 5. Nxe5 Be7 6. O-O Nf6 7. d3 O-O 8.
Bg5 h6 9. Bxf6 Bxf6 10. Nc4 Bb7 11. Na5 Bxb2 12. Nd2 Bxa1 13. Qxa1 Bc8 14. Ndc4
Rb8 15. Qd4 c5 16. Qxc5 Rb2 17. Nxb2 Qf6 18. e5 Qd6 19. exd6 cxd6 20. Qa7 Re8
21. Nbc4 Re2 22. Nxd6 Re7 23. Nxc8 Re8 24. Qa8 Kh7 25. Qxa6 Re6 26. Nb6 Kg8 27.
Qc8+ Kh7 28. Qc7 Rc6 29. Qa7 Rxc2 30. Nac4 d5 31. Nxd5 Rxc4 32. dxc4 f6 33. Re1
Kg6 34. a4 Kf5 35. a5 Kg6 36. a6 Kg5 37. Qb7 Kg6 38. a7 Kh7 39. a8=Q Kg6 40.
Qe8+ Kh7 41. Qb1+ g6 42. Qb7# 1-0

[Event "Championnats de la Loire Pupilles 2012"]
[Site "Roanne"]
[Date "2012.10.28"]
[Round "5.4"]
[White "Pages, Antoine"]
[Black "Berounsky, Flavien"]
[Result "1-0"]
[WhiteElo "1099"]
[BlackElo "1099"]
[PlyCount "61"]
[EventDate "2012.??.??"]

1. e4 e5 2. Nf3 Nc6 3. Nc3 Nf6 4. Bc4 Bc5 5. d3 Ng4 6. Bg5 Nxf2 7. Bxd8 Nxd1 8.
Rxd1 Nxd8 9. Nxe5 d6 10. Ng4 O-O 11. Nd5 Bxg4 12. Rb1 Re8 13. Nxc7 Nc6 14. Nxa8
Rxa8 15. Bb5 Na5 16. h3 Be6 17. c3 a6 18. Ba4 b5 19. Bd1 Bc8 20. b4 Bb6 21.
bxa5 Bxa5 22. O-O Bb6+ 23. d4 b4 24. Rxb4 Ba7 25. e5 dxe5 26. Bf3 Rb8 27. Rxb8
Bxb8 28. dxe5 Ba7+ 29. Kh1 a5 30. Rd1 Be6 31. Rd8# 1-0

[Event "Championnats de la Loire Pupilles 2012"]
[Site "Roanne"]
[Date "2012.10.28"]
[Round "5.5"]
[White "Dessert, Emilien"]
[Black "Gauffre, Theo"]
[Result "1/2-1/2"]
[WhiteElo "1099"]
[BlackElo "1099"]
[PlyCount "59"]
[EventDate "2012.??.??"]

1. e4 Nc6 2. Nc3 Nf6 3. Nf3 d5 4. exd5 Nb8 5. Bb5+ Nc6 6. dxc6 bxc6 7. Bxc6+
Nd7 8. Bxa8 e5 9. d3 e4 10. Bxe4 Bb4 11. a3 Ba5 12. Bg5 O-O 13. Bxd8 Rxd8 14.
Qd2 Kf8 15. b4 Bb6 16. Ng5 Ne5 17. Qe3 Bg4 18. Bf3 Bxf3 19. gxf3 Re8 20. Nxh7+
Ke7 21. Qxe5+ Kd8 22. f4 Rxe5+ 23. fxe5 Bd4 24. Na4 Bxa1 25. Kd2 Bxe5 26. f4
Bxf4+ 27. Ke1 Be5 28. Nf8 Bc3+ 29. Nxc3 Ke7 30. Nh7 1/2-1/2